Statistics for Seven Wonders of the Ancient World - Map Quiz

Click here to take the quiz!

General Stats

  • This quiz has been taken 166 times
  • The average score is 5 of 7

Answers on the Map

Answers color-coded by a green-red scale on the quiz's map according to % correct below.
 

Answer Stats

Answer% Correct
Great Pyramid of Giza
94%
Hanging Gardens of Babylon
90%
Lighthouse of Alexandria
84%
Colossus of Rhodes
78%
Statue of Zeus at Olympia
78%
Mausoleum of Halicarnassus
54%
Temple of Artemis at Ephesus
50%

Score Distribution

Percentile by Number Answered

Percent of People with Each Score

Your Score History

You have not taken this quiz